Statistiken für Bilder nach Buchstabe - J

Klicken Sie hier um das Quiz zu spielen!

Allgemein

  • Dieses Quiz wurde 965 mal gespielt
  • Das Durchschnittsergebnis liegt bei 12 aus 16

Antwortstatistiken

Answer % Korrekt
Jaguar
98%
Jesus
97%
Joker
95%
Jupiter
95%
Judentum
91%
Jockey
85%
Jazz
81%
Jemen
80%
Jalapeño
77%
Jerusalem
76%
Jagger
64%
Jade
56%
Jelzin
49%
Jamaika
47%
Jurte
40%
Janus
34%

Verteilung der Resultate

Perzentil nach korrekt beantworteten Fragen

Anzahl Personen mit jedem Resultat

Ihre Resultats-Entwicklung

Sie haben dieses Quiz noch nicht gespielt